000 00932nam0a2200265 4500
001 RU\NLR\BIBL_A\012118882
005 20250623211801.0
010 _93000
035 _a(NLR Aleph) 012118882
090 _a13297854
_c13297854
100 _a20191014d1956 |||y0rusy50 ca
101 1 _akir
_crus
102 _aKG
105 _ay z 000ay
200 1 _aАялдардын боюнда бар кезинде жана тѳрѳттѳн кийинки гигиенасы
_fЕ. А. Булыгина
210 _aФрунзе
_cКыргызмамбас
_d1956
215 _a35,[1] c.
_d20
541 1 _aГигиена женщины во время беременност и после родов
_zrus
686 1 _aР714
686 1 _aЧ511.146
700 1 _aБулыгина
_bЕ. А.
_f1891-
_gЕлизавета Александровна
_4070
852 _aNLR
_bОНЛ
_jКирг./2-2011
942 _cBOOK
980 _aNB